Wszystkie miasta Polski, których nazwa kończy się na -ów - Statystyki

Ogólne statystyki
  • Ten quiz został rozwiązany 471 razy
    28 od ostatniego zresetowania
  • Średni wynik to 52 z 134
Statystyki odpowiedzi
Województwo Miasto % Poprawnych
małopolskie Kraków
88%
małopolskie Tarnów
76%
podlaskie Augustów
72%
mazowieckie Pruszków
72%
mazowieckie Ciechanów
68%
podlaskie Zambrów
68%
mazowieckie Żyrardów
68%
łódzkie Bełchatów
64%
śląskie Chorzów
64%
śląskie Janów
64%
świętokrzyskie Opatów
64%
podkarpackie Rzeszów
64%
podkarpackie Brzozów
60%
pomorskie Bytów
60%
małopolskie Andrychów
60%
dolnośląskie Głogów
60%
świętokrzyskie Jędrzejów
60%
małopolskie Chrzanów
56%
dolnośląskie Dzierżoniów
56%
lubelskie | mazowieckie Józefów
56%
opolskie Namysłów
56%
świętokrzyskie Pacanów
56%
opolskie Paczków
56%
łódzkie Uniejów
56%
wielkopolskie Czarnków
52%
lubelskie Hrubieszów
52%
podkarpackie Lubaczów
52%
lubelskie Łuków
52%
małopolskie Miechów
52%
śląskie Mikołów
52%
śląskie Myszków
52%
lubelskie Nałęczów
52%
opolskie Prószków
52%
świętokrzyskie Staszów
52%
wielkopolskie Złotów
52%
dolnośląskie Bolków
48%
zachodniopomorskie Goleniów
48%
lubelskie Lubartów
48%
wielkopolskie Ostrzeszów
48%
świętokrzyskie Pińczów
48%
kujawsko-pomorskie Radziejów
48%
podkarpackie Strzyżów
48%
mazowieckie Węgrów
48%
łódzkie Wieruszów
48%
dolnośląskie Wołów
48%
mazowieckie Wyszków
48%
dolnośląskie Żarów
48%
dolnośląskie Chojnów
44%
pomorskie Człuchów
44%
mazowieckie Halinów
44%
śląskie Knurów
44%
lubelskie Kurów
44%
śląskie Radzionków
44%
łódzkie Rzgów
44%
świętokrzyskie Sędziszów
44%
mazowieckie Ciepielów
40%
łódzkie Grabów
40%
opolskie Grodków
40%
łódzkie Ozorków
40%
świętokrzyskie Stąporków
40%
zachodniopomorskie Trzebiatów
40%
dolnośląskie Zawidów
40%
dolnośląskie Bierutów
36%
mazowieckie Brwinów
36%
małopolskie Jordanów
36%
świętokrzyskie Kunów
36%
świętokrzyskie Łagów
36%
świętokrzyskie Ożarów
36%
śląskie Pszów
36%
lubuskie Sulechów
36%
dolnośląskie Syców
36%
świętokrzyskie Szydłów
36%
małopolskie Tuchów
36%
lubelskie Urzędów
36%
podlaskie Wasilków
36%
podkarpackie Zaklików
36%
łódzkie Zelów
36%
mazowieckie Cegłów
32%
dolnośląskie Chocianów
32%
świętokrzyskie Ćmielów
32%
zachodniopomorskie Dziwnów
32%
mazowieckie Głowaczów
32%
łódzkie Jeżów
32%
mazowieckie Kazanów
32%
świętokrzyskie Klimontów
32%
wielkopolskie Odolanów
32%
łódzkie Osjaków
32%
małopolskie Radłów
32%
mazowieckie Stanisławów
32%
podkarpackie Ulanów
32%
małopolskie Czchów
28%
podkarpackie Dynów
28%
małopolskie Grybów
28%
łódzkie Lututów
28%
dolnośląskie Przemków
28%
zachodniopomorskie Sianów
28%
łódzkie Stryków
28%
świętokrzyskie Suchedniów
28%
wielkopolskie Tuliszków
28%
podlaskie Zabłudów
28%
łódzkie Żarnów
28%
łódzkie Białaczów
24%
podkarpackie Cieszanów
24%
mazowieckie Jadów
24%
lubelskie Łaszczów
24%
mazowieckie Łochów
24%
mazowieckie Mszczonów
24%
opolskie Otmuchów
24%
mazowieckie Piastów
24%
śląskie Przyrów
24%
podkarpackie Rymanów
24%
wielkopolskie Sieraków
24%
śląskie Skoczów
24%
śląskie Sławków
24%
łódzkie Sulejów
24%
mazowieckie Bodzanów
20%
łódzkie Bolimów
20%
dolnośląskie Radków
20%
mazowieckie Żelechów
20%
wielkopolskie Żerków
20%
opolskie Baborów
16%
świętokrzyskie Gowarczów
16%
świętokrzyskie Piekoszów
16%
opolskie Korfantów
12%
świętokrzyskie Sobków
12%
dolnośląskie Wiązów
12%
dolnośląskie Wojcieszów
12%
mazowieckie Gielniów
8%
lubuskie Kożuchów
8%
dolnośląskie Mieroszów
8%
zachodniopomorskie Polanów
8%
wielkopolskie Raszków
8%
wielkopolskie Zagórów
8%
Nie znaleziono quizów pasujących do podanych kryteriów
Rozkład punktacji
Procent ludzi z każdym wynikiem
Percentyl według liczby udzielonych odpowiedzi
Twoja historia wyników
Nie rozwiązałeś tego quizu od ostatniego zresetowania